الحسنة والسيئة

Bibliographic Details
Main Author: ابن تيمية، احمد بن عبد الحليم , 1263-1328 (Author)
Format: Book
Published: Bayrut : Dar al-Kutub al-Ilmiyah , [19--]
Subjects:

MARC

LEADER 00000cam a2200000 7i4500
001 0000005740
005 20160204.0
008 021119n
090 0 0 |a BJ1291   |b .T39 
100 0 |a ابن تيمية، احمد بن عبد الحليم ,   |d 1263-1328 ,   |e author 
245 1 2 |a الحسنة والسيئة   |c ابن تيمية   |f تقديم محمد جميل غازي 
260 2 |a Bayrut :   |b Dar al-Kutub al-Ilmiyah ,   |c [19--] 
300 |a 163 p. ;   |c 24 cm. 
640 0 0 |a Sin   |x Islam   |v Early works to 1800 
650 0 |a Good and evil (Islam) 
745 0 3 |a al-Hasanah wa-al-sayyi'ah 
999 |a 1000013366   |b Book   |c OPEN SHELF (30 DAYS)   |e Gong Badak Campus 
999 |a 1000013367   |b Book   |c OPEN SHELF (30 DAYS)   |e Gong Badak Campus 
999 |a 1000013397   |b Book   |c OPEN SHELF (30 DAYS)   |e Gong Badak Campus 
999 |a 1000013398   |b Book   |c OPEN SHELF (30 DAYS)   |e Gong Badak Campus